| 000 | 01038nam2a2200253 4500 | ||
|---|---|---|---|
| 001 | RU\NLR\bibl\856605 | ||
| 005 | 20250614153550.0 | ||
| 010 |
_a5-900504-52-2 _93000 |
||
| 021 |
_aRU _b2005-56958 _92785 |
||
| 035 | _a(NLR Aleph) 000845321 | ||
| 090 |
_a1446094 _c1446094 |
||
| 100 | _a20051019d2005 |||y0rusy50 ca | ||
| 101 | 0 | _arus | |
| 102 | _aRU | ||
| 105 | _ac ||||||||| | ||
| 200 | 1 |
_aПланетология _hч. 4 _iПлутон, Хирон, Прозерпина, Лунные узлы, Лилит и Лулу _f[Высш. шк. классич. астрологии] |
|
| 210 |
_d2005 _aБ. м. |
||
| 215 |
_a331, [6] с. _cпортр. _d22 |
||
| 461 | 0 |
_1001RU\NLR\bibl\561425 _12001#$aКлассическая астрология$vТ. 7 _91487633 _aВронский, Ю. П. (1927-2008) _cМ. _d2003 _fГраф С.А. Вронский _nВШКА _oВ 12 т. _tКлассическая астрология _vТ. 7 |
|
| 801 | 0 |
_aRU _bNLR _c20051019 _grcr |
|
| 801 | 1 |
_aRU _bNLR _c20051019 |
|
| 942 | _cBOOK | ||
| 980 | _aNB | ||